Sports Quiz

Random Sports or Basketball Quiz

Least Accomplished Basketball HOF Players Quiz Stats

 Plays Quiz not verified by Sporcle

Challenge
Share
Tweet
Score 0/10 Timer 03:00
0 Plays Today
Career Player % Correct
1989-1993Drazen Petrovic
82.2%
1976-1991Alex English
31.1%
1967-1977Mel Daniels
26.7%
1967-1975Roger Brown
22.2%
1963-1973Gus Johnson
20%
1955-1966Jack Twyman
20%
1956-1970Richie Guerin
17.8%
1955-1958Maurice Stokes
17.8%
1963-1977Nate Thurmond
15.6%
1949-1960Dick McGuire
8.9%

You're not logged in!

Compare scores with friends on all Sporcle quizzes.
OR
Log In

You Might Also Like...

Show Comments

Extras

Top Quizzes Today


Score Distribution

Your Account Isn't Verified!

In order to create a playlist on Sporcle, you need to verify the email address you used during registration. Go to your Sporcle Settings to finish the process.

Report this User

Report this user for behavior that violates our Community Guidelines.

Details: